মেক্সিকো / (Record no. 41111)
[ view plain ]
| 000 -LEADER | |
|---|---|
| fixed length control field | 01027nam a2200253 a 4500 |
| 001 - CONTROL NUMBER | |
| control field | 41111 |
| 003 - CONTROL NUMBER IDENTIFIER | |
| rucl marc code | BD-RjUL |
| 005 - DATE AND TIME OF LATEST TRANSACTION | |
| control field | 20211209053330.0 |
| 008 - FIXED-LENGTH DATA ELEMENTS--GENERAL INFORMATION | |
| fixed length control field | 160515s1967 bg ||||| |||| 00| 0 ben d |
| 035 ## - SYSTEM CONTROL NUMBER | |
| System control number | (BD-RjUL) 41227 |
| 040 ## - CATALOGING SOURCE | |
| Original cataloging agency | BD-RjUL |
| Language of cataloging | ben |
| Transcribing agency | BD-RjUL |
| 041 ## - LANGUAGE CODE | |
| Language code of text/sound track or separate title | ben |
| 082 ## - DEWEY DECIMAL CLASSIFICATION NUMBER | |
| Edition number | 23 |
| Classification number | 972 |
| Author mark and year | LAM 1967 |
| 100 ## - MAIN ENTRY--PERSONAL NAME | |
| Personal name | লেরেলডি, এলসা |
| 9 (RLIN) | 126463 |
| 245 10 - TITLE STATEMENT | |
| Title | মেক্সিকো / |
| Statement of responsibility, etc. | এলসা লেরেলডি ; চৌধুরী শামসুর রহমান অনুবাদক |
| 260 ## - PUBLICATION, DISTRIBUTION, ETC. (IMPRINT) | |
| Place of publication, distribution, etc. | ঢাকা : |
| Name of publisher, distributor, etc. | সাহিত্যিকা, |
| Date of publication, distribution, etc. | ১৯৬৭ |
| 300 ## - PHYSICAL DESCRIPTION | |
| Pagination | [৫], ১৫৫ পৃ. : |
| Illustrations | চিত্র ; |
| Size | ১৮ সেমি. |
| 490 ## - SERIES STATEMENT | |
| Series statement | দেশ ও জাতি ; |
| Volume/sequential designation | সিরিজ-৭ |
| 651 ## - SUBJECT ADDED ENTRY--GEOGRAPHIC NAME | |
| Geographic name | মেক্সিকো |
| 9 (RLIN) | 126464 |
| Geographic name | Mexico |
| 9 (RLIN) | 126465 |
| 700 ## - ADDED ENTRY--PERSONAL NAME | |
| Personal name | রহমান, চৌধুরী শামসুর অনুবাদক |
| 830 ## - SERIES ADDED ENTRY--UNIFORM TITLE | |
| Uniform title | দেশ ও জাতি ; |
| Volume number/sequential designation | সিরিজ-৭ |
| 942 ## - ADDED ENTRY ELEMENTS (KOHA) | |
| Source of classification or shelving scheme | Dewey Decimal Classification |
| Koha item type | Books |
| Lost status | Source of classification or shelving scheme | Damaged status | Not for loan | Collection code | Permanent Location | Current Location | Shelving location | Date acquired | Source of acquisition | Cost, normal purchase price | Total Checkouts | Full call number | Date last seen | Copy number | Koha item type |
|---|---|---|---|---|---|---|---|---|---|---|---|---|---|---|---|
| Dewey Decimal Classification | Non-fiction | Central Library, University of Rajshahi | Central Library, University of Rajshahi | 24/01/1969 | Paragon Enterprise Lit., Dhaka | 4.00 | B 972 LAM 1967 | 15/05/2016 | C-2 | Books |